| 000 | 00704nam a2200217 u 4500 | ||
|---|---|---|---|
| 005 | 20251106063903.0 | ||
| 008 | 090826s2004 r 000 0 eng d | ||
| 020 | _a8484651436 | ||
| 035 | _aUPN01000172065 | ||
| 049 | _aCG | ||
| 050 | 4 |
_aLB2822.84 E5 _bG3.2 |
|
| 100 | 1 | _aGarcía Pascual, Enrique | |
| 245 | 1 | 0 |
_aDidáctica y currículum : _bclaves para el análisis en los procesos de enseñanza / _cEnrique García Pascual. |
| 260 |
_aZaragoza, Esp. : _bMira, _c2004. |
||
| 300 |
_a466 p. : _btablas |
||
| 440 | 0 | _aPsicopedagogía | |
| 650 | 4 |
_aEVALUACION EDUCATIVA - _zESPAÑA _913658 |
|
| 650 | 4 |
_aEvaluación curricular _91717 |
|
| 650 | 4 |
_aProceso enseñanza-aprendizaje _942 |
|
| 905 | _aLibro | ||
| 999 |
_c144169 _d144169 |
||